Loading...
| Fine Arts - Classical Music | 0 | 5 | 3 | 0 | 35 | 80 | 112.40 | 0 | 1 |
| Science - Other Science | 0 | 4 | 1 | 1 | 35 | 78 | 117.25 | 0 | 1 |
| Science - Chemistry | 0 | 3 | 0 | 1 | 30 | 40 | 84.67 | 1 | 1 |
| Fine Arts - Other Fine Arts | 0 | 3 | 1 | 0 | 25 | 45 | 62.67 | 2 | 2 |
| Science - Physics | 0 | 3 | 2 | 0 | 20 | 57 | 110.00 | 0 | 1 |
| History - American History | 0 | 2 | 1 | 2 | 15 | 137 | 139.00 | 0 | 0 |
| Fine Arts - Painting & Sculpture | 0 | 2 | 1 | 0 | 15 | 122 | 125.50 | 0 | 1 |
| History - Other History | 0 | 1 | 0 | 0 | 10 | 146 | 146.00 | 0 | 0 |
| Literature - American Literature | 0 | 1 | 0 | 0 | 10 | 145 | 145.00 | 0 | 0 |
| Mythology | 0 | 0 | 0 | 0 | 0 | 0.00 | 0 | 0 | |
| Current Events | 0 | 0 | 1 | 0 | -5 | 0.00 | 0 | 0 | |
| History - European History | 0 | 0 | 1 | 0 | -5 | 0.00 | 0 | 0 | |
| History - World History | 0 | 0 | 1 | 0 | -5 | 0.00 | 0 | 0 | |
| Social Science | 0 | 0 | 2 | 0 | -10 | 0.00 | 0 | 0 |